Wrestlers by Picture 24: American Wrestling Association - Statistics

General Stats
  • This quiz has been taken 33 times
    28 since last reset
  • The average score is 10 of 16
Answer Stats
Picture Answer % Correct
Curt Hennig
96%
Verne Gagne
92%
Jesse "The Body" Ventura
88%
Mad Dog Vachon
83%
Rick Martel
83%
"Big" Scott Hall
79%
Nick Bockwinkel
71%
Baron Von Raschke
67%
Larry "The Axe" Hennig
63%
"Jumpin" Jim Brunzell
58%
Dick the Bruiser
50%
"Crusher" Jerry Blackwell
46%
The Crusher
38%
Greg Gagne
33%
Billy Robinson
29%
"Crippler" Ray Stevens
29%
No matching quizzes found
Score Distribution
Percent of People with Each Score
Percentile by Number Answered
Your Score History
You have not taken this quiz since the last reset